000 02250nam a22003017a 4500
005 2011062800370.0
010 _aB-435538-542
020 _a9788182638952
_c15.00
035 _aB-435538-542
037 _bब्ल्यूबेरी बुक्स
082 _a
100 _aनोनी
_931217
245 _aसालाना बाल-कटाई दिवस /
_cनोनी; ऐन्जी एवं उपेश द्वारा चित्रांकित; ऋतु सिंह द्वारा हिन्दी अनुवाद
246 _aSalana bal-katai diwas
_bby Noni
260 _aनई दिल्ली
_bप्रथम बुक्स
_c2007
270 _a633-634, 4th "C" Main, 6th 'B' Cross, OMBR Layout, Banaswadi,
_bBangalore
_e560043
_k+91 11 41042483
300 _a20पृ.
_bसचित्र
_c18सेमी (अजिल्द)
700 _aऐन्जी
_928955
700 _aउपेश
_928959
700 _aऋतु सिंह
_928960
942 _2ddc
_cCH
_h
_mनोनीसा
999 _c53345
_d53345